000 00281nam a2200121Ia 4500
005 20251222143309.0
008 251222s9999||||xx |||||||||||||| ||spa||
082 _a338.272.82/P48
245 0 _aLa Historia de Nuestra EnergĂ­a:
250 _a1ra.ed.
264 _bs.e
942 _cLIB
999 _c15628
_d15628